000 00730nam a2200289Ia 4500
005 20260324113044.0
008 008 260324s9999 xx 000 0 eng d
020 _a9780429150111
037 _aEBOOK
040 _aCRL
040 _beng
040 _cCRL
041 _2eng
041 _aeng
084 _qCRL
100 _aUmezuruike Linus Opara
_91145238
245 0 _aAgricultural, Biosystems, and Biological Engineering Education
245 0 _bGlobal Perspectives and Current Practice
260 _bTaylor and Francis
260 _c2024
365 _a
365 _b400
856 _uhttp://www.taylorfrancis.com/books/9780429150111
942 _cEBOOK
999 _c1734690
_d1734690